[Event "SVK-ch U10 Girls"]
[Site "Tatralandia"]
[Date "2025.05.11"]
[Round "1"]
[White "Cibickova, Sona"]
[Black "Dlugosova, Laura"]
[Result "1/2-1/2"]
[WhiteElo "1468"]
[BlackElo "1062"]
[PlyCount "111"]
[EventDate "2025.05.11"]
[EventType "swiss"]
[EventRounds "9"]
[EventCountry "SVK"]
[SourceTitle "CB21_2025"]
[SourceDate "2025.05.21"]
[SourceVersion "1"]
[SourceVersionDate "2025.05.21"]
[SourceQuality "1"]

1. e4 e5 2. Nf3 Nc6 3. Nc3 Bc5 4. Bc4 d6 5. d3 Nf6 6. Bg5 Bg4 7. h3 Bd7 8. 0-0 Qe7 9. Re1 0-0-0 10. a3 Be6 11. Bxe6+ Qxe6 12. b4 Nd4 13. Nxd4 Bxd4 14. Qd2 h6 15. Bxf6 Qxf6 16. Rab1 Qg5 17. Qxg5 hxg5 18. Rb3 Rh4 19. g3 Rxh3 20. Kg2 Rdh8 21. Ne2 Rh2+ 22. Kg1 Bxf2+ 23. Kf1 g4 24. Reb1 R8h6 25. c3 Rf6 26. d4 Bxg3+ 27. Kg1 Rxe2 28. dxe5 dxe5 29. c4 Rxe4 30. Rxg3 Rxc4 31. Kh2 Rh6+ 32. Kg2 f5 33. Re1 f4 34. Rxg4 f3+ 35. Kxf3 Rxg4 36. Kxg4 Re6 37. Kf5 Kd7 38. Rg1 e4 39. Rxg7+ Kd6 40. Rg1 b6 41. Re1 c5 42. bxc5+ bxc5 43. Rxe4 Rxe4 44. Kxe4 a5 45. Kd3 Kd5 46. Kc3 c4 47. a4 Kc5 48. Kc2 Kb4 49. Kb2 Kxa4 50. Kc3 Ka3 51. Kxc4 a4 52. Kc3 Ka2 53. Kc2 a3 54. Kc1 Ka1 55. Kc2 a2 56. Kc1 1/2-1/2